Riconosci lo Stato - Quiz n°194 - Statistics

Statistiche generali
  • Questo quiz è stato fatto 22 volte
  • Il punteggio medio è 12 su 12
Statistiche sulle risposte
Indizio Risposta % Corretto
Popolazione 38 929 902 ab.
100%
Re Carlo III Governatore generale Mary Simon
100%
Fuso Orario da UTC -3½ a UTC-8 (ora solare) da UTC -2½ a UTC-7 (ora legale)
100%
Valuta Dollaro
100%
Primo ministro Justin Trudeau
100%
Iniziale della Capitale O
100%
Tasso di crescita 0,73%
94%
ISU 0,936
94%
PIL (nominale) 2 221 218 milioni di $
94%
Superficie 9 897 170 km²
94%
Risposta Canada
94%
Forma di Governo Monarchia parlamentare federale (Reame del Commonwealth)
94%
Nessun quiz corrispondente trovato
Distribuzione punteggi
Percentuale di utenti per punteggio
Percentile per numero di risposta
I tuoi punteggi nel tempo
Non hai fatto questo quiz